Handbook of research on educational communications and technology
Gardado en:
| Autor Principal: | |
|---|---|
| Formato: | Libro |
| Idioma: | inglés |
| Publicado: |
Mahwah
Lawrence Erlbaum
2004
|
| Edición: | 2a. ed |
| Subjects: | |
| Tags: |
Engadir etiqueta
Sen Etiquetas, Sexa o primeiro en etiquetar este rexistro!
|
MARC
| LEADER | 00000cam a2200000 a 4500 | ||
|---|---|---|---|
| 001 | UCK5470 | ||
| 003 | CL-VaPUC | ||
| 008 | 050805e20040000us |||||||||||||||||eng|d | ||
| 020 | |a 0805841458 | ||
| 082 | 0 | 4 | |a 370.7 |b JON |2 21 |
| 100 | |a Jonassen, David H |e author |9 494871 | ||
| 245 | 1 | 0 | |a Handbook of research on educational communications and technology |
| 250 | |a 2a. ed | ||
| 300 | |a 1210 p | ||
| 942 | |c BK | ||
| 945 | |d 20050805 00:00:00 |a cmena | ||
| 260 | |a Mahwah |b Lawrence Erlbaum |c 2004 | ||
| 650 | 0 | |a Investigación educacional |9 261192 | |
| 650 | 0 | |a Manuales |9 257144 | |
| 650 | 0 | |a Métodos de investigación |9 262618 | |
| 650 | 0 | |a Psicología educacional |9 307830 | |
| 650 | 0 | |a Métodos de enseñanza |9 270413 | |
| 650 | 0 | |a Innovaciones pedagógicas |9 307471 | |
| 650 | 7 | |a MATERIAL AUDIOVISUAL |2 CL-VaPUC |9 308466 | |
| 999 | |c 313982 |d 313980 | ||
| 583 | |k Rodrigo Vera | ||
| 952 | |0 0 |1 0 |4 0 |6 370_700000000000000_JON_2004 |7 0 |8 A |9 385838 |a FDOPOS |b FDOPOS |d 2019-11-22 |i 4151542 |o 370.7 JON 2004 |p 4151542 |r 2025-01-22 |w 2019-11-22 |y BK |k MLA | ||